Životný cyklus podniku bakalárska práca

Saved in:
Bibliographic Details
Main Author: Andruška, Ján
Corporate Author: Fakulta podnikového manažmentu EU. Katedra podnikovohospodárska
Other Authors: Michalcová, Zuzana, 1984-
Format: Book
Language:Slovak
Published: Bratislava 2010
Tags: Add Tag
No Tags, Be the first to tag this record!

MARC

LEADER 00000nbm a2200000 4500
001 0133608
005 20161109111539.6
041 0 |a slo 
044 |a SK 
245 1 0 |a Životný cyklus podniku  |b bakalárska práca  |c Ján Andruška ; školiteľ: Zuzana Michalcová 
264 1 |a Bratislava  |c 2010 
300 |a 44 s. 
100 1 |a Andruška, Ján 
700 1 |a Michalcová, Zuzana, 1984- 
710 2 |a Fakulta podnikového manažmentu EU. Katedra podnikovohospodárska